MARC details
| 000 -CABECERA |
| campo de control de longitud fija |
00883nam a2200229 4500 |
| 001 - NÚMERO DE CONTROL |
| campo de control |
000000025 |
| 005 - FECHA Y HORA DE LA ÚLTIMA TRANSACCIÓN |
| campo de control |
20260209094147.0 |
| 008 - DATOS DE LONGITUD FIJA--INFORMACIÓN GENERAL |
| campo de control de longitud fija |
081127nuuuuuuuudr a 001 0 spa d |
| 020 ## - NÚMERO INTERNACIONAL ESTÁNDAR DEL LIBRO |
| Número Internacional Estándar del Libro |
9701700783 |
| 020 ## - NÚMERO INTERNACIONAL ESTÁNDAR DEL LIBRO |
| Número Internacional Estándar del Libro |
9789701700785 |
| 040 ## - FUENTE DE LA CATALOGACIÓN |
| Centro catalogador/agencia de origen |
DO-SdBNP |
| Lengua de catalogación |
spa |
| Centro/agencia transcriptor |
BNPHU |
| 082 ## - NÚMERO DE LA CLASIFICACIÓN DECIMAL DEWEY |
| Número de clasificación |
005.713 |
| Número de documento/Ítem |
K37n |
| 100 1# - ENTRADA PRINCIPAL--NOMBRE DE PERSONA |
| Nombre de persona |
Kent, Peter |
| 9 (RLIN) |
104 |
| 245 10 - MENCIÓN DE TÍTULO |
| Título |
Netscape communicator 4 : |
| Resto del título |
paso a paso / |
| Mención de responsabilidad, etc. |
Peter Kent. |
| 260 ## - PUBLICACIÓN, DISTRIBUCIÓN, ETC. |
| Lugar de publicación, distribución, etc. |
México : |
| Nombre del editor, distribuidor, etc. |
Prentice-Hall Hispanoamericana, |
| Fecha de publicación, distribución, etc. |
[199?]. |
| 300 ## - DESCRIPCIÓN FÍSICA |
| Extensión |
xvii, 376 p. : |
| Otras características físicas |
il. ; |
| Dimensiones |
23 cm. |
| 505 1# - NOTA DE CONTENIDO CON FORMATO |
| Título |
I. Atrapado en web -- |
| -- |
II. Funciones avanzadas de navigator -- |
| -- |
III. Internet: algo más que sólo web -- |
| -- |
IV. Cree Páginas web con Netscape composer -- |
| -- |
Índice. |
| 650 #0 - PUNTO DE ACCESO ADICIONAL DE MATERIA--TÉRMINO DE MATERIA |
| Término de materia o nombre geográfico como elemento de entrada |
Internet |
| 9 (RLIN) |
105 |
| 650 #4 - PUNTO DE ACCESO ADICIONAL DE MATERIA--TÉRMINO DE MATERIA |
| Término de materia o nombre geográfico como elemento de entrada |
Netscape (servicio de información sobre redes) |
| 9 (RLIN) |
106 |
| 650 #4 - PUNTO DE ACCESO ADICIONAL DE MATERIA--TÉRMINO DE MATERIA |
| Término de materia o nombre geográfico como elemento de entrada |
Navegadores (programas de computador) |
| 9 (RLIN) |
107 |
| 910 ## - DATOS DE OPCIÓN DEL USUARIO (OCLC) |
| Datos de opción del usuario |
Validado. Control de calidad BNPHU |